The Ilokano esl learner : a study of interlanguage /
Saved in:
| Main Author: | |
|---|---|
| Format: | Thesis Book |
| Language: | English |
| Published: |
1980.
|
| Subjects: | |
| Tags: |
Add Tag
No Tags, Be the first to tag this record!
|
| LEADER | 00918cam a2200265 a 4500 | ||
|---|---|---|---|
| 001 | u53480 | ||
| 003 | SIRSI | ||
| 008 | 880205s1986 si v 00 1 eng | ||
| 015 | |a X870082431 | ||
| 035 | |a AAF-7488 | ||
| 040 | |a UMM | ||
| 043 | |a a-ph--- | ||
| 090 | |a PE3502 |b P6Pas | ||
| 100 | 1 | 0 | |a Pastor, Araceli Cabanos |
| 245 | 1 | 4 | |a The Ilokano esl learner : |b a study of interlanguage / |c by Araceli Cabanos Pastor |
| 260 | |c 1980. | ||
| 300 | |a ix, 186 leaves ; |c 30 cm. | ||
| 502 | |a Dissertation (M.A.) -- National University of Singapore, 1986. | ||
| 504 | 0 | 0 | |a Bibliography: leaves 175-186. |
| 650 | 0 | |a English language |z Philippines | |
| 650 | 0 | |a English language |x Errors of usage | |
| 650 | 0 | |a English language |x Study and teaching (Higher) |x Foreign speakers | |
| 948 | |a 16/03/1991 |b 06/07/1993 | ||
| 596 | |a 1 | ||
| 999 | |a PE3502 P6PAS |w LC |c 1 |i A010384319 |d 11/10/2012 |e 11/10/2012 |l STACKS |m P01UTAMA |n 5 |r Y |s Y |t TESIS |u 23/12/1991 | ||
